Breaking the rules in publication design

Bibliographic Details
Main Author: Phovnirunlit, Supon
Format: Book
Published: New york : Madison square press , 2001
Subjects:

MARC

LEADER 00000cam a2200000 7i4500
001 0000012350
005 20030909.0
020 |a 0942604830 
040 |a INS 
090 0 0 |a Z246   |b B7352001 
100 1 |a Phovnirunlit, Supon 
245 1 0 |a Breaking the rules in publication design 
260 |a New york :   |b Madison square press ,   |c 2001 
300 |a iii :   |b 176p ;   |c 31cm. 
650 0 0 |a Book design 
650 0 0 |a Electronic publications   |x Design 
650 0 0 |a Graphic design (Typography) 
650 0 0 |a Magazine design 
999 |a 0000012035   |b BOOK   |c Open Shelf   |e Default branch